Normal view
MARC view
- Production management
Entry Topical Term
001 - CONTROL NUMBER
- control field: 85163
003 - CONTROL NUMBER IDENTIFIER
- control field: NUST
005 - DATE AND TIME OF LATEST TRANSACTION
- control field: 20211126103823.0
008 - FIXED-LENGTH DATA ELEMENTS
- fixed length control field: 211126|| aca||aabn | a|a d
040 ## - CATALOGING SOURCE
- Original cataloging agency: NUST
- Transcribing agency: NUST
150 ## - HEADING--TOPICAL TERM
- Topical term or geographic name entry element: Production management
- General subdivision: Data processing
670 ## - SOURCE DATA FOUND
- Source citation: Work cat.: (NUST)31763: Browne, Jimmie. 85162, Production Management Systems :, c1996.
